Kulʹtura "Dva" /

Bibliographic Details
Main Author: Papernyĭ, Vladimir, 1944-
Format: Book
Language:Russian
Published: Ann Arbor : Ardis, [1985]
Subjects:

MARC

Tag First Indicator Second Indicator Subfields
LEADER 00000cam a2200000 a 4500
001 in00000030975
005 20151007054921.0
008 830725s1985 miua b 00010 ruso
010 |a  83015513  
020 |a 0882338382 
020 |a 0882338390 (pbk.) :  |c $19.50 
035 |a (OCoLC)09828330 
035 |9 AAB6647AM 
040 |a DLC  |c DLC  |d m/c  |d TXA  |d UtOrBLW 
043 |a e-ur--- 
049 |a TXAM  |c [A11061066] 
050 0 0 |a NA1188  |b .P3 1985 
082 0 |a 720/.1/03  |2 19 
100 1 |a Papernyĭ, Vladimir,  |d 1944- 
245 1 0 |a Kulʹtura "Dva" /  |c Vladimir Papernyĭ. 
264 1 |a Ann Arbor :  |b Ardis,  |c [1985] 
264 4 |c ©1985 
300 |a 338 pages :  |b illustrations ;  |c 29 cm. 
336 |a text  |b txt  |2 rdacontent 
337 |a unmediated  |b n  |2 rdamedia 
338 |a volume  |b nc  |2 rdacarrier 
504 |a Bibliography: pages 295-299. 
650 0 |a Socialist realism and architecture  |z Soviet Union. 
650 0 |a Architecture  |z Soviet Union. 
740 0 |a Kultura "2." 
999 |a MARS 
999 f f |s 02ea0a58-7bdc-30f9-a89e-766f95f3f357  |i 6e4121d1-7e72-3b5c-84be-e3ce75ccddf5  |t 0 
952 f f |p ric  |a Texas A&M University  |b Rellis Campus  |c Joint Library Facility  |d Remote Storage  |t 0  |e NA1188 .P3 1985  |h Library of Congress classification  |i unmediated -- volume  |m A14811061066 
998 f f |a NA1188 .P3 1985  |t 0  |l Remote Storage